000 00450nam a22001697a 4500
005 20180316165101.0
008 160503b xxu||||| |||| 00| 0 eng d
020 _a81-7188193-9
041 _aeng
082 _b1122
_a333.7
100 _aChopra Kanchan and etal ..J
_9369
245 _aEcological Economics for sustainable development.
260 _aNew Delhi
_bAcademic Faundation
_c2001
300 _a255
650 _aManagement
_9241
942 _cBK
999 _c431
_d431